000 00706nam a2200205 i 4500
001 99086
003 ES-MaACL
005 20240426063029.0
007 t|
008 051121s1968 pr ||||1| spa d
080 _a821.134.2-14"19"
100 0 _aNieto Peña, Roque,
_d1910-1991
_985708
245 1 0 _aRetorno de Ariel
_b: viejos y nuevos poemas /
_cRoque Nieto Peña ; presentación por Luis Muñoz Marín ; prólogo de Salvador Tió.
260 _aSan Juan, Puerto Rico :
_bJuan Ponce de León,
_c1968.
300 _a214 p. ;
_c22 cm.
700 1 _aMuñoz Marín, Luis.
_984451
700 1 _aTió, Salvador.
_9110319
852 _aES-MaACL
_jE-11057
_bR.136739
999 _c99086
_d99086